Dugaan hidup di mana sahaja

Bibliographic Details
Main Author: Mohd. Ridza
Corporate Author: Title
Format: Book
Published: Selangor : Pustaka Serinditl , 2006
Series:Siri bacaan kegemaran
Subjects:

MARC

LEADER 00000cam a2200000 7i4500
001 0000004128
005 20151222.0
008 070724
020 |a 983352933X(set) 
020 |a 9833529364 
090 0 0 |a JF   |b MAL (3473) 
100 0 |a Mohd. Ridza 
245 1 0 |a Dugaan hidup di mana sahaja   |c Mohd. Ridza 
260 |a Selangor :   |b Pustaka Serinditl ,   |c 2006 
440 0 |a Siri bacaan kegemaran 
500 |a Children ages 7-9 years old (orange) 
650 0 |a Junior fiction   |x Malay   |x Languages 
710 0 |a Title 
999 |a 0000972444   |b Book   |c Children Collection   |e Perbadanan Perpustakaan Awam Johor 
999 |a 0000972445   |b Book   |c Children Collection   |e Perbadanan Perpustakaan Awam Johor 
999 |a 0000972446   |b Book   |c Children Collection   |e Cawangan Segamat 
999 |a 0000972447   |b Book   |c Children Collection   |e Cawangan Muar